|
|
|
|
| LEADER |
00739cam a2200205 7i4500 |
| 001 |
0000026617 |
| 005 |
20110714090000.0 |
| 020 |
0 |
0 |
|a 9679933970
|
| 090 |
0 |
0 |
|a M 959.5
|b PEN
|
| 100 |
1 |
0 |
|a Abdullah Ahmad Badawi, Dato' Seri
|
| 245 |
1 |
0 |
|a Peneraju warisan gemilang :
|b koleksi ucapan Dato' Seri Abdullah Ahmad Badawi.
|
| 260 |
0 |
0 |
|a Kuala Lumpur:
|b Institut Tadbiran Awam Negara (INTAN),
|c 2003.
|
| 300 |
# |
# |
|a 282 p.
|
| 600 |
0 |
0 |
|a Abdullah Ahmad Badawi,
|c Dato' Seri,
|d 1939
|
| 650 |
0 |
0 |
|a Malaysia --
|x Economic conditions
|
| 650 |
0 |
0 |
|a Malaysia --
|x Politics and government
|
| 650 |
0 |
0 |
|a Malaysia --
|x Social conditions
|
| 650 |
0 |
0 |
|a Speeches, addresses, etc
|
| 651 |
0 |
0 |
|a Malaysia
|
| 999 |
|
|
|a 0000028760
|b Book
|c Malaysia
|e Business Information Centre
|